Estudios filosófico-jurídicos y penales del prof. Dr. Fritz Loos: homenaje a sus 70 años

保存先:
書誌詳細
主要な著者: Ambos, Kai (著者), Radtke, Henning (著者)
フォーマット: 図書
言語:スペイン語
出版事項: Santiago Jurídica de Chile 2009
版:1a. ed
シリーズ:Colección de Ciencias Penales, 2
主題:
タグ: タグ追加
タグなし, このレコードへの初めてのタグを付けませんか!

MARC

LEADER 00000nam a2200000 a 4500
001 UCH3224
003 CL-VaPUC
008 090715e20090100CL |||||||||||||||||spa|d
020 |a 9789561018921 
082 0 4 |a 340.1  |b AMB  |2 21 
100 0 |a Ambos, Kai  |e author  |9 538499 
700 0 |a Radtke, Henning  |e author  |9 538500 
245 1 0 |a Estudios filosófico-jurídicos y penales del prof. Dr. Fritz Loos: homenaje a sus 70 años 
250 |a 1a. ed 
300 |a 162 p 
942 |c BK 
945 |d 20090715 00:00:00  |a dcastane 
260 |a Santiago  |b Jurídica de Chile  |c 2009 
650 0 |a Filosofía del derecho   |9 255050 
650 0 |a Epistemología   |9 264994 
651 7 |a CHILE  |2 CL-VaPUC  |9 538501 
583 |a last modification  |c 20090715 00:00:00  |k Rodrigo Vera 
490 0 |a Colección de Ciencias Penales, 2 
999 |c 334848  |d 334846 
952 |0 0  |1 0  |4 0  |6 340_100000000000000_AMB_2009  |7 0  |8 A  |9 424088  |a BIBDER  |b BIBDER  |d 2019-11-22  |i 4572661  |l 1  |o 340.1 AMB 2009  |p 4572661  |r 2023-01-25  |s 2022-08-02  |w 2019-11-22  |y BK  |k DER